| 000 | 01164nam a22003617a 4500 | ||
|---|---|---|---|
| 001 | 0006192 | ||
| 003 | KOHA_MİRAKIL | ||
| 005 | 20260207001514.0 | ||
| 007 | ta | ||
| 008 | 090626b2002 tu |||gr||||#||||0|tur | | ||
| 020 | _a9750500571 | ||
| 040 |
_aTR-BiSEU _btur _cTR-BiSEU _erda |
||
| 041 | 0 | _atur | |
| 044 | _ctu | ||
| 050 |
_aBM729 _b.A88 2002 |
||
| 100 | 1 | _aAttias, Jean-Christophe. | |
| 240 | 1 | 0 |
_aIsrael, la terre et le sacre _lTürkçe |
| 245 | 1 |
_aPaylaşılamayan kutsal topraklar ve İsrail = _bIsrael, la terre et le sacre/ _cJean-Christophe Attias ; Jean-Christophe Attias, Esther Benbassa. |
|
| 250 | _a2. bsk. | ||
| 264 | 1 |
_aİstanbul : _bİletişim Yayınları _c2002 |
|
| 300 | _a317 sayfa | ||
| 336 |
_ametin _btxt _2rdacontent |
||
| 337 |
_aaracısız _bn _2rdamedia |
||
| 338 |
_acilt _bnc _2rdacarrier |
||
| 490 | 1 |
_aİletişim yayınları ; _v823. |
|
| 500 | _aKaynakça var. | ||
| 650 | 0 |
_aPalestine in Judaism. _915283 |
|
| 650 | 0 |
_aZionism and Judaism. _915284 |
|
| 650 | 0 |
_aFilistin Musevilikte. _915285 |
|
| 650 | 0 |
_aSiyonizm ve Musevilik. _915286 |
|
| 830 | 1 |
_aİletişim yayınları ; _v823. _92528 |
|
| 942 |
_2lcc _cBK |
||
| 999 |
_c6173 _d6173 |
||